[Event "Obro70th Jubilee open Copemhagen CH"]
[Site "Copenhagen"]
[Date "2006.10.16"]
[Round "3"]
[White "Hansen, Alexei"]
[Black "Vajda, Szidonia"]
[Result "1/2-1/2"]
[WhiteElo "2136"]
[BlackElo "2401"]
[PlyCount "125"]
[EventDate "2006.10.14"]
[EventType "swiss"]
[EventRounds "9"]
[EventCountry "DEN"]

1. e4 e5 2. Nf3 Nc6 3. Bb5 a6 4. Bxc6 dxc6 5. O-O f6 6. d4 exd4 7. Nxd4 c5 8.
Ne2 Qxd1 9. Rxd1 Bd7 10. Nbc3 O-O-O 11. Be3 Re8 12. Rd2 Bc6 13. Rad1 Bd6 14.
Bf4 Bxf4 15. Nxf4 Nh6 16. Nh5 Rhg8 17. f4 b5 18. Re2 b4 19. Nd5 Nf5 20. c3 Nd4
21. cxd4 Bxd5 22. dxc5 Bxe4 23. Rde1 Bc6 24. Kf2 Rxe2+ 25. Rxe2 Rd8 26. g4 Bb5
27. Rc2 Rd1 28. Ke3 Rd3+ 29. Kf2 Bc6 30. Nxg7 Rf3+ 31. Kg1 Rxf4 32. h3 Rf3 33.
Kh2 a5 34. Rd2 a4 35. Ne6 Re3 36. Nd4 Kb7 37. Nc2 Re4 38. Kg3 Rc4 39. a3 b3 40.
Nb4 Rxc5 41. Rf2 Be4 42. Rxf6 Rc4 43. Rf7 Kb6 44. Re7 c6 45. h4 Rd4 46. h5 c5
47. Re6+ Kb5 48. Re5 Kb6 49. Re6+ Kb5 50. Re5 h6 51. g5 hxg5 52. h6 Bh7 53. Nd5
Rh4 54. Nc3+ Kc4 55. Nxa4 Rxh6 56. Rxc5+ Kd4 57. Rxg5 Rg6 58. Rxg6 Bxg6 59. Kf4
Be8 60. Nc3 Kd3 61. a4 Kc2 62. Ne2 Bxa4 63. Nd4+ 1/2-1/2

[Event "Obro70th Jubilee open Copemhagen CH"]
[Site "Copenhagen"]
[Date "2006.10.19"]
[Round "6"]
[White "Hansen, Alexei"]
[Black "Roder, Peter"]
[Result "1-0"]
[WhiteElo "2136"]
[BlackElo "2110"]
[PlyCount "99"]
[EventDate "2006.10.14"]
[EventType "swiss"]
[EventRounds "9"]
[EventCountry "DEN"]

1. c4 e5 2. g3 Nc6 3. Bg2 Nf6 4. Nf3 Bc5 5. O-O d6 6. d3 Bg4 7. Nc3 a5 8. h3
Bh5 9. Rb1 h6 10. a3 O-O 11. Ne1 Re8 12. Nc2 Ba7 13. b4 axb4 14. Nxb4 Qd7 15.
Nbd5 Nxd5 16. Nxd5 Nd4 17. g4 c6 18. e3 cxd5 19. exd4 Bg6 20. Bxd5 Bxd4 21.
Rxb7 Qc8 22. Qf3 Rf8 23. h4 Ra7 24. h5 Bh7 25. Rxa7 Bxa7 26. Bd2 Bc5 27. Rb1
Bxa3 28. Rb7 Bc5 29. Rxf7 Rxf7 30. Qxf7+ Kh8 31. Be6 Qd8 32. Ba5 Qa8 33. Qe7
Bg8 34. Bxg8 Kxg8 35. Qd8+ Qxd8 36. Bxd8 Kf7 37. Kg2 Ke6 38. Kf3 d5 39. Ba5 Be7
40. Bc3 Bc5 41. Ke2 Bf8 42. Bb2 d4 43. Kf3 Be7 44. Bc1 Bh4 45. Ba3 Bf6 46. Ke4
Bg5 47. Bf8 Bf6 48. Bc5 Bg5 49. Ba7 Bf4 50. Bxd4 1-0

[Event "Obro70th Jubilee open Copemhagen CH"]
[Site "Copenhagen"]
[Date "2006.10.21"]
[Round "8"]
[White "Hansen, Alexei"]
[Black "Hellegaard, Dennis"]
[Result "1-0"]
[WhiteElo "2136"]
[BlackElo "2011"]
[PlyCount "55"]
[EventDate "2006.10.14"]
[EventType "swiss"]
[EventRounds "9"]
[EventCountry "DEN"]

1. e4 c5 2. Nc3 Nc6 3. Nf3 g6 4. d4 cxd4 5. Nxd4 Bg7 6. Be3 d6 7. Qd2 Nf6 8. f3
O-O 9. Bc4 Bd7 10. O-O-O Ne5 11. Bb3 Qa5 12. Kb1 Rfc8 13. h4 Nc4 14. Bxc4 Rxc4
15. Nb3 Qa6 16. Bh6 Bh8 17. h5 Rac8 18. hxg6 hxg6 19. Bf8 Nh5 20. Bxe7 Be6 21.
Rxh5 gxh5 22. Qg5+ Bg7 23. Bf6 Kf8 24. Bxg7+ Ke8 25. f4 R4c5 26. Nxc5 Rxc5 27.
f5 b5 28. Bf6 1-0

[Event "Obro70th Jubilee open Copemhagen CH"]
[Site "Copenhagen"]
[Date "2006.10.15"]
[Round "2"]
[White "Hansen, Alexei"]
[Black "Jensen, Bjarke"]
[Result "1-0"]
[WhiteElo "2136"]
[BlackElo "2241"]
[PlyCount "67"]
[EventDate "2006.10.14"]
[EventType "swiss"]
[EventRounds "9"]
[EventCountry "DEN"]

1. e4 c5 2. Nc3 Nc6 3. Nf3 g6 4. d4 cxd4 5. Nxd4 Bg7 6. Be3 Nf6 7. Bc4 d6 8. f3
O-O 9. Qd2 Bd7 10. O-O-O Ne5 11. Bb3 Qa5 12. Kb1 Rfc8 13. h4 b5 14. h5 Nc4 15.
Bxc4 bxc4 16. hxg6 fxg6 17. Ka1 Rab8 18. a3 Rc5 19. Na2 Qc7 20. c3 d5 21. e5
Ne8 22. Rde1 Ra5 23. Bh6 Bh8 24. e6 Ba4 25. Bf4 Qb7 26. Bxb8 Qxb8 27. Nb4 Bxd4
28. cxd4 Qd8 29. Rh6 Nf6 30. Reh1 Qf8 31. Nd3 Rb5 32. Nc5 Bb3 33. Nd7 Qg7 34.
Nxf6+ 1-0

[Event "Obro70th Jubilee open Copemhagen CH"]
[Site "Copenhagen"]
[Date "2006.10.17"]
[Round "4"]
[White "Hansen, Lars Henrik Bech"]
[Black "Varga, Zoltan"]
[Result "0-1"]
[WhiteElo "2092"]
[BlackElo "2508"]
[PlyCount "52"]
[EventDate "2006.10.14"]
[EventType "swiss"]
[EventRounds "9"]
[EventCountry "DEN"]

1. e4 Nf6 2. Nc3 d5 3. e5 Nfd7 4. e6 fxe6 5. d4 c5 6. Bd3 g6 7. dxc5 Bg7 8. h4
Nf6 9. Bg5 Nc6 10. h5 Nxh5 11. Rxh5 gxh5 12. Qxh5+ Kd7 13. Nxd5 exd5 14. Bf4 e6
15. Rd1 Qe8 16. Qh3 Qf7 17. Ne2 Ke8 18. Bd6 e5 19. Qh4 Be6 20. Ng3 h5 21. Be2
Bf6 22. Qa4 h4 23. Nf1 h3 24. gxh3 Rxh3 25. Bg4 Rh4 26. Ne3 d4 0-1

[Event "Obro70th Jubilee open Copemhagen CH"]
[Site "Copenhagen"]
[Date "2006.10.21"]
[Round "8"]
[White "Hansen, Lars Henrik Bech"]
[Black "Pedersen, Thomas Vils"]
[Result "1/2-1/2"]
[WhiteElo "2092"]
[BlackElo "2131"]
[PlyCount "122"]
[EventDate "2006.10.14"]
[EventType "swiss"]
[EventRounds "9"]
[EventCountry "DEN"]

1. e4 d5 2. exd5 Qxd5 3. Nc3 Qa5 4. Bc4 Nf6 5. d3 Nc6 6. Bd2 Qf5 7. Nb5 Qd7 8.
Nf3 a6 9. Nc3 e6 10. Qe2 Be7 11. Ne4 b5 12. Bb3 Bb7 13. Neg5 h6 14. Ne4 Nxe4
15. Qxe4 Bf6 16. Bc3 Bxc3+ 17. bxc3 Na5 18. Qf4 Bxf3 19. Qxf3 O-O 20. O-O c5
21. a4 Qc6 22. Qxc6 Nxc6 23. Rfe1 b4 24. cxb4 cxb4 25. Re4 a5 26. Rc4 Rfc8 27.
Re1 Kf8 28. f4 Ne7 29. Re5 Rxc4 30. Bxc4 Nc6 31. Rc5 Nd4 32. Kf2 Nxc2 33. Bxe6
fxe6 34. Rxc2 Ke7 35. Ke3 Kd6 36. Kd2 Ra7 37. Rc8 e5 38. fxe5+ Kxe5 39. Re8+
Kf6 40. Rf8+ Ke7 41. Rb8 Kd6 42. Rb5 Rf7 43. Rxa5 Rf2+ 44. Ke3 Rxg2 45. h4 Rg3+
46. Kd2 Rg4 47. h5 Rg5 48. Ra7 Rxh5 49. Ra6+ Kc7 50. Ra7+ Kb6 51. Rxg7 Rh2+ 52.
Ke3 b3 53. Rg8 Ka5 54. Ra8+ Kb4 55. a5 Rh5 56. a6 Ka3 57. Kd2 b2 58. Rb8 Ra5
59. Kc3 Rc5+ 60. Kd2 Ra5 61. Kc3 Rc5+ 1/2-1/2

[Event "Obro70th Jubilee open Copemhagen CH"]
[Site "Copenhagen"]
[Date "2006.10.14"]
[Round "1"]
[White "Hansen, Lars Henrik Bech"]
[Black "Hermansson, Emil"]
[Result "1/2-1/2"]
[WhiteElo "2092"]
[BlackElo "2454"]
[PlyCount "98"]
[EventDate "2006.10.14"]
[EventType "swiss"]
[EventRounds "9"]
[EventCountry "DEN"]

1. e4 c5 2. Nf3 Nc6 3. d4 cxd4 4. Nxd4 Nf6 5. Nc3 e5 6. Ndb5 d6 7. Nd5 Nxd5 8.
exd5 Nb8 9. Qf3 a6 10. Qa3 Be7 11. Bg5 f6 12. Bd2 O-O 13. Bb4 Qd7 14. c4 b6 15.
Nxd6 a5 16. c5 Bxd6 17. cxd6 Bb7 18. Bc3 Rd8 19. O-O-O Qxd6 20. Qxd6 Rxd6 21.
b4 Kf8 22. Bc4 Nd7 23. Kb2 Rc8 24. Bb3 axb4 25. Bxb4 Nc5 26. Rd2 Kf7 27. Rhd1
Rd7 28. f3 g5 29. Rc2 Nxb3 30. Rxc8 Bxc8 31. Kxb3 Bb7 32. d6 Ke6 33. a3 g4 34.
Rd3 h5 35. Ka4 Bc6+ 36. Kb3 Bd5+ 37. Kc3 f5 38. Kd2 Rg7 39. Rc3 f4 40. Ke2 e4
41. fxe4 Bxe4 42. Kf2 h4 43. Rc7 g3+ 44. hxg3 fxg3+ 45. Kg1 Rg8 46. Re7+ Kf5
47. Rf7+ Ke6 48. Re7+ Kf5 49. Rf7+ Ke6 1/2-1/2

[Event "Obro70th Jubilee open Copemhagen CH"]
[Site "Copenhagen"]
[Date "2006.10.14"]
[Round "1"]
[White "Hansen, Soren Moller"]
[Black "Kiss, Judit"]
[Result "0-1"]
[WhiteElo "1903"]
[BlackElo "2118"]
[PlyCount "106"]
[EventDate "2006.10.14"]
[EventType "swiss"]
[EventRounds "9"]
[EventCountry "DEN"]

1. d4 d5 2. Nf3 Nf6 3. c4 e6 4. Nc3 c6 5. Bg5 Nbd7 6. e3 Qa5 7. Nd2 Bb4 8. Qc2
Ne4 9. Ndxe4 dxe4 10. Bf4 e5 11. Bg3 O-O 12. Be2 f5 13. f4 exd4 14. exd4 Nb6
15. O-O Be6 16. c5 Bxc3 17. bxc3 Nc4 18. Bxc4 Bxc4 19. Rfe1 b5 20. a3 Rad8 21.
Bf2 Qc7 22. Be3 a5 23. g3 Qf7 24. Qd2 Rd7 25. Rab1 Rb8 26. Rb2 Rdb7 27. Ra1 Kf8
28. Qe1 Qd5 29. Qd2 Bd3 30. Qe1 Qc4 31. Rc1 Qa4 32. Ra1 Ke7 33. g4 Ke6 34.
gxf5+ Kd5 35. Qc1 Rf8 36. Rg2 Rxf5 37. Qe1 Qb3 38. Rg5 Rxg5+ 39. fxg5 Kc4 40.
Bd2 Rf7 41. Qg3 Qb2 42. Rd1 Be2 43. Bc1 Qxc3 44. Qxc3+ Kxc3 45. Bb2+ Kc2 46.
Re1 Kd3 47. Kg2 e3 48. Ba1 Rf2+ 49. Kg3 Rf1 50. Rxf1 Bxf1 51. d5 b4 52. axb4
axb4 53. d6 e2 0-1

[Event "Obro70th Jubilee open Copemhagen CH"]
[Site "Copenhagen"]
[Date "2006.10.20"]
[Round "7"]
[White "Hansen, Soren Moller"]
[Black "Werner, Gert"]
[Result "0-1"]
[WhiteElo "1903"]
[BlackElo "2035"]
[PlyCount "64"]
[EventDate "2006.10.14"]
[EventType "swiss"]
[EventRounds "9"]
[EventCountry "DEN"]

1. d4 Nf6 2. c4 g6 3. Nc3 Bg7 4. e4 d6 5. f3 O-O 6. Be3 c5 7. Nge2 Qa5 8. Qd2
Nc6 9. d5 Ne5 10. Ng3 h5 11. Be2 h4 12. Nf1 h3 13. gxh3 Bxh3 14. Rg1 a6 15. Rg3
Bd7 16. Bh6 b5 17. Bxg7 Kxg7 18. Ne3 Rh8 19. f4 Nxc4 20. Nxc4 bxc4 21. Bxc4 Rh4
22. O-O-O Nh5 23. Rg2 Nxf4 24. Rf2 Nh3 25. Rdf1 f6 26. Rf3 Rah8 27. Rg3 Bb5 28.
Nxb5 Qxd2+ 29. Kxd2 axb5 30. Bxb5 Rxe4 31. Kc3 Nf4 32. Rf2 Nxd5+ 0-1

[Event "Obro70th Jubilee open Copemhagen CH"]
[Site "Copenhagen"]
[Date "2006.10.16"]
[Round "3"]
[White "Hansen, Soren Moller"]
[Black "Hellegaard, Dennis"]
[Result "0-1"]
[WhiteElo "1903"]
[BlackElo "2011"]
[PlyCount "88"]
[EventDate "2006.10.14"]
[EventType "swiss"]
[EventRounds "9"]
[EventCountry "DEN"]

1. d4 Nf6 2. c4 e6 3. Nf3 b6 4. Nc3 Bb7 5. e3 d5 6. Bd3 c6 7. O-O Nbd7 8. Re1
Bd6 9. cxd5 cxd5 10. b3 Rc8 11. Nb5 Bb8 12. Ba3 Ne4 13. Bxe4 dxe4 14. Nd2 Ba6
15. Nd6+ Bxd6 16. Bxd6 Nf6 17. Ba3 Qd5 18. Rc1 Kd7 19. Nc4 Bxc4 20. bxc4 Rxc4
21. Rxc4 Qxc4 22. Qd2 Qa4 23. Qb2 Rc8 24. Rc1 Nd5 25. h3 Rxc1+ 26. Qxc1 Nb4 27.
Qb2 Nd3 28. Qb3 Qxb3 29. axb3 Kc6 30. Kf1 Kb5 31. Ke2 a5 32. f3 f5 33. fxe4
fxe4 34. Kd2 a4 35. Kc3 axb3 36. Kxb3 g6 37. Bd6 Kc6 38. Bb8 Ne1 39. g3 Ng2 40.
Bf4 Nxf4 41. gxf4 Kb5 42. Kc3 Ka4 43. Kc4 b5+ 44. Kc5 b4 0-1

[Event "Obro70th Jubilee open Copemhagen CH"]
[Site "Copenhagen"]
[Date "2006.10.17"]
[Round "4"]
[White "Hellegaard, Dennis"]
[Black "Kaaber Hansen, Jacob"]
[Result "1-0"]
[WhiteElo "2011"]
[BlackElo "2143"]
[PlyCount "75"]
[EventDate "2006.10.14"]
[EventType "swiss"]
[EventRounds "9"]
[EventCountry "DEN"]

1. d4 Nf6 2. c4 e6 3. Nf3 b6 4. Nc3 Bb4 5. Bg5 h6 6. Bh4 O-O 7. e4 g5 8. Nxg5
hxg5 9. Bxg5 Be7 10. Bd3 Bb7 11. Bh6 Ne8 12. Qg4+ Kh8 13. Bxf8 Bxf8 14. e5 Bg7
15. O-O-O f5 16. exf6 Nxf6 17. Qh4+ Kg8 18. d5 e5 19. Rhe1 d6 20. g4 Na6 21. g5
Nd7 22. Bh7+ Kf7 23. Re3 Qh8 24. f4 Rf8 25. f5 Ke7 26. Rh3 Bc8 27. Ne4 Nac5 28.
f6+ Nxf6 29. gxf6+ Rxf6 30. Nxf6 Bxf6 31. Qh5 e4 32. Bf5 Bxb2+ 33. Kb1 Qxh5 34.
Rxh5 Bxf5 35. Rxf5 Be5 36. Rdf1 Nd7 37. h4 Bg3 38. h5 1-0

[Event "Obro70th Jubilee open Copemhagen CH"]
[Site "Copenhagen"]
[Date "2006.10.15"]
[Round "2"]
[White "Hellegaard, Dennis"]
[Black "Aagaard, Kasper"]
[Result "1/2-1/2"]
[WhiteElo "2011"]
[BlackElo "1947"]
[PlyCount "62"]
[EventDate "2006.10.14"]
[EventType "swiss"]
[EventRounds "9"]
[EventCountry "DEN"]

1. d4 Nf6 2. c4 c5 3. d5 b5 4. cxb5 a6 5. bxa6 g6 6. Nc3 Bxa6 7. g3 d6 8. Bg2
Bg7 9. Nh3 Nbd7 10. Nf4 O-O 11. O-O Nb6 12. Qc2 Nfd7 13. b3 Ra7 14. Bb2 Ne5 15.
h4 Qb8 16. Be4 Rb7 17. h5 Nbc4 18. hxg6 hxg6 19. Bc1 Na5 20. Kg2 c4 21. Rh1 Qc7
22. b4 Rxb4 23. Bd2 Rfb8 24. Na4 c3 25. Rac1 Qd7 26. Nxc3 Rb2 27. Qd1 Nac4 28.
Be1 Ng4 29. Qa4 Qxa4 30. Nxa4 Rxa2 31. Nc3 Ra3 1/2-1/2

[Event "Obro70th Jubilee open Copemhagen CH"]
[Site "Copenhagen"]
[Date "2006.10.22"]
[Round "9"]
[White "Hermansson, Emil"]
[Black "Skovgaard, Peter Nicolai"]
[Result "1/2-1/2"]
[WhiteElo "2454"]
[BlackElo "2230"]
[PlyCount "79"]
[EventDate "2006.10.14"]
[EventType "swiss"]
[EventRounds "9"]
[EventCountry "DEN"]

1. e4 c5 2. Nf3 e6 3. d4 cxd4 4. Nxd4 a6 5. Nc3 Qc7 6. Bd3 Nf6 7. O-O Be7 8.
Qe2 d6 9. Kh1 Nc6 10. Nxc6 bxc6 11. f4 d5 12. Na4 Bb7 13. e5 Nd7 14. c4 g6 15.
Bd2 d4 16. Rae1 c5 17. b3 Qc6 18. Qg4 h5 19. Qh3 h4 20. Re2 O-O-O 21. Rfe1 Rdg8
22. Be4 Qc7 23. Qf3 Bxe4 24. Qxe4 Qb7 25. Nb2 Rh5 26. Nd3 Qxe4 27. Rxe4 g5 28.
fxg5 Bxg5 29. Rg4 Rg6 30. Bf4 Kd8 31. Kg1 Ke7 32. Re2 Bxf4 33. Rxf4 Rgg5 34.
Rfe4 Rf5 35. a3 a5 36. b4 axb4 37. axb4 cxb4 38. Nxb4 Nxe5 39. Rxd4 Kf6 40. Rf2
1/2-1/2

[Event "Obro70th Jubilee open Copemhagen CH"]
[Site "Copenhagen"]
[Date "2006.10.19"]
[Round "6"]
[White "Hermansson, Emil"]
[Black "Glud, Jakob Vang"]
[Result "1-0"]
[WhiteElo "2454"]
[BlackElo "2418"]
[PlyCount "35"]
[EventDate "2006.10.14"]
[EventType "swiss"]
[EventRounds "9"]
[EventCountry "DEN"]

1. e4 e6 2. d4 d5 3. Nc3 Nf6 4. e5 Nfd7 5. f4 c5 6. Nf3 Nc6 7. Be3 cxd4 8. Nxd4
Bc5 9. Qd2 O-O 10. O-O-O a6 11. Nb3 Bb4 12. Bd3 b5 13. g4 Bb7 14. Rhg1 Rc8 15.
Rg3 Na5 16. Rh3 g6 17. Bd4 Be7 18. Nxa5 1-0

[Event "Obro70th Jubilee open Copemhagen CH"]
[Site "Copenhagen"]
[Date "2006.10.15"]
[Round "2"]
[White "Hermansson, Emil"]
[Black "Madsen, Poul Henrik"]
[Result "1/2-1/2"]
[WhiteElo "2454"]
[BlackElo "2116"]
[PlyCount "122"]
[EventDate "2006.10.14"]
[EventType "swiss"]
[EventRounds "9"]
[EventCountry "DEN"]

1. e4 c6 2. d4 d5 3. Nd2 dxe4 4. Nxe4 Bf5 5. Ng3 Bg6 6. h4 h6 7. Nf3 Nf6 8. Ne5
Bh7 9. Bd3 Bxd3 10. Qxd3 e6 11. Bd2 Bd6 12. f4 Qc7 13. O-O-O Nbd7 14. Ne4 Nxe4
15. Qxe4 Nf6 16. Qe2 O-O-O 17. g4 h5 18. g5 Nd5 19. Rhf1 g6 20. c4 Nb4 21. Bxb4
Bxb4 22. c5 Qe7 23. Qc4 Ba5 24. Qa4 Bc7 25. Qxa7 Bxe5 26. fxe5 Kc7 27. Qb6+ Kb8
28. Rf4 Rhf8 29. Rdf1 Qd7 30. b3 Rde8 31. Kc2 Re7 32. Kc3 Qd5 33. R1f3 Qd7 34.
a4 Qe8 35. Qb4 Qc8 36. Rf6 Kc7 37. Qc4 Qa8 38. Qf1 Qa5+ 39. Kc2 Kb8 40. Rxf7
Rexf7 41. Rxf7 Rxf7 42. Qxf7 Qe1 43. Qxg6 Qe2+ 44. Kc3 Qe1+ 45. Kb2 Qxh4 46.
Qxe6 Qxd4+ 47. Kc2 Qf2+ 48. Kc3 Qe3+ 49. Kb2 Qd2+ 50. Ka3 Qc1+ 51. Kb4 Qd2+ 52.
Kc4 Qf4+ 53. Kd3 Qf3+ 54. Kd2 Qf2+ 55. Kd1 Qf1+ 56. Kc2 Qe2+ 57. Kc1 Qe1+ 58.
Kb2 Qd2+ 59. Ka3 Qc1+ 60. Kb4 Qd2+ 61. Kc4 Qf4+ 1/2-1/2

[Event "Obro70th Jubilee open Copemhagen CH"]
[Site "Copenhagen"]
[Date "2006.10.17"]
[Round "4"]
[White "Hermansson, Emil"]
[Black "Jensen, Bjarke"]
[Result "1-0"]
[WhiteElo "2454"]
[BlackElo "2241"]
[PlyCount "79"]
[EventDate "2006.10.14"]
[EventType "swiss"]
[EventRounds "9"]
[EventCountry "DEN"]

1. e4 e5 2. Nf3 Nc6 3. Bb5 a6 4. Ba4 Nf6 5. O-O Be7 6. Re1 d6 7. c3 Bg4 8. h3
Bh5 9. d3 Nd7 10. Nbd2 h6 11. Nf1 Bg5 12. Ng3 Bxf3 13. Qxf3 O-O 14. Be3 g6 15.
Rad1 Bxe3 16. fxe3 Qf6 17. Qe2 Qg5 18. Kh2 h5 19. Rf1 h4 20. Nh1 Kg7 21. g3 Rh8
22. Rf3 Raf8 23. Rdf1 Qe7 24. d4 Nd8 25. d5 Rh7 26. Bxd7 Qxd7 27. Nf2 f5 28.
exf5 Rxf5 29. g4 Rxf3 30. Qxf3 Qe7 31. Ne4 Nf7 32. Qf6+ Qxf6 33. Rxf6 Rh8 34.
Re6 Rc8 35. Kg2 g5 36. Kf3 Rd8 37. Re7 Rc8 38. Nxg5 Kf6 39. Rxf7+ Kxg5 40. Ke4
1-0

[Event "Obro70th Jubilee open Copemhagen CH"]
[Site "Copenhagen"]
[Date "2006.10.17"]
[Round "4"]
[White "Hvenekilde, Jorgen"]
[Black "Rasmussen, Allan Stig"]
[Result "1/2-1/2"]
[WhiteElo "2187"]
[BlackElo "2394"]
[PlyCount "71"]
[EventDate "2006.10.14"]
[EventType "swiss"]
[EventRounds "9"]
[EventCountry "DEN"]

1. d4 f5 2. Bg5 h6 3. Bh4 g5 4. e3 Bg7 5. Bg3 d6 6. Bc4 Nf6 7. Nd2 Nc6 8. Ngf3
e6 9. c3 Bd7 10. h3 Qe7 11. Qc2 e5 12. dxe5 dxe5 13. e4 f4 14. Bh2 Nh7 15. Nb3
h5 16. Bg1 a5 17. a4 Nd8 18. Nfd2 b6 19. f3 Ne6 20. Nc1 Kf7 21. Nd3 Bf6 22.
O-O-O Kg7 23. Bf2 Nhf8 24. Bd5 Rb8 25. Bc4 Ng6 26. Bb5 c6 27. Bc4 Rhc8 28. Kb1
Nc7 29. Bb3 Na6 30. Nc4 c5 31. Nc1 Rc7 32. Nd6 Kh7 33. Bc4 Ra7 34. Nb5 Bxb5 35.
Bxb5 Nf8 36. Rd2 1/2-1/2

[Event "Obro70th Jubilee open Copemhagen CH"]
[Site "Copenhagen"]
[Date "2006.10.20"]
[Round "7"]
[White "Hvenekilde, Jorgen"]
[Black "Antoniewski, Rafal"]
[Result "1/2-1/2"]
[WhiteElo "2187"]
[BlackElo "2509"]
[PlyCount "36"]
[EventDate "2006.10.14"]
[EventType "swiss"]
[EventRounds "9"]
[EventCountry "DEN"]

1. d4 d5 2. c4 Nc6 3. cxd5 Qxd5 4. e3 e5 5. Nc3 Bb4 6. Bd2 Bxc3 7. bxc3 Nf6 8.
c4 Qd6 9. d5 Ne7 10. Rb1 Nd7 11. Nf3 Nc5 12. Bb4 Ng6 13. Be2 O-O 14. O-O b6 15.
Nd2 Bf5 16. e4 Bd7 17. g3 Rfe8 18. Qc1 Bh3 1/2-1/2

[Event "Obro70th Jubilee open Copemhagen CH"]
[Site "Copenhagen"]
[Date "2006.10.15"]
[Round "2"]
[White "Hvenekilde, Jorgen"]
[Black "Varga, Zoltan"]
[Result "1-0"]
[WhiteElo "2187"]
[BlackElo "2508"]
[PlyCount "75"]
[EventDate "2006.10.14"]
[EventType "swiss"]
[EventRounds "9"]
[EventCountry "DEN"]

1. d4 d5 2. Nf3 c6 3. g3 Nf6 4. Bg2 Bg4 5. Ne5 Bh5 6. O-O e6 7. c3 Nbd7 8. Nd3
Bd6 9. Bf4 Be7 10. Nd2 O-O 11. a4 a5 12. h3 h6 13. g4 Bg6 14. Qb3 Ra7 15. Rad1
h5 16. g5 Nh7 17. h4 f6 18. Bh3 fxg5 19. Bxe6+ Kh8 20. Ne5 Nxe5 21. Bxe5 Bd6
22. c4 gxh4 23. Bxd6 Qxd6 24. cxd5 Ng5 25. Nc4 Qe7 26. Ne5 Rf6 27. f4 Nxe6 28.
dxe6 Rxe6 29. f5 Rxe5 30. dxe5 Qg5+ 31. Kh2 Bf7 32. e6 Bg8 33. Rf3 b5 34. axb5
cxb5 35. Qxb5 Rc7 36. Qe5 Re7 37. Rg1 Rxe6 38. Qxe6 1-0

[Event "Obro70th Jubilee open Copemhagen CH"]
[Site "Copenhagen"]
[Date "2006.10.22"]
[Round "9"]
[White "Hvenekilde, Jorgen"]
[Black "Hansen, Lars Henrik Bech"]
[Result "1-0"]
[WhiteElo "2187"]
[BlackElo "2092"]
[PlyCount "63"]
[EventDate "2006.10.14"]
[EventType "swiss"]
[EventRounds "9"]
[EventCountry "DEN"]

1. d4 g6 2. c4 Nf6 3. Nc3 Bg7 4. e4 d6 5. Nf3 O-O 6. Be2 e5 7. O-O Nc6 8. d5
Ne7 9. Ne1 Nd7 10. Nd3 f5 11. Bd2 Nf6 12. f3 f4 13. c5 g5 14. cxd6 cxd6 15. Nf2
Ng6 16. h3 Rf7 17. Qc2 Bf8 18. Rfc1 h5 19. Nb5 Ne8 20. a4 Rh7 21. a5 Nh4 22.
Ra3 a6 23. Rc3 Bxh3 24. Nxh3 axb5 25. Rc8 Rxc8 26. Qxc8 Qe7 27. Qe6+ Qxe6 28.
dxe6 Nc7 29. g3 Nxf3+ 30. Bxf3 g4 31. Ng5 Rg7 32. Bd1 1-0

[Event "Obro70th Jubilee open Copemhagen CH"]
[Site "Copenhagen"]
[Date "2006.10.18"]
[Round "5"]
[White "Hvenekilde, Jorgen"]
[Black "Skjoldan, Benjamin"]
[Result "1-0"]
[WhiteElo "2187"]
[BlackElo "2188"]
[PlyCount "75"]
[EventDate "2006.10.14"]
[EventType "swiss"]
[EventRounds "9"]
[EventCountry "DEN"]

1. d4 d5 2. c4 e6 3. Nc3 Be7 4. Nf3 Nf6 5. Bg5 O-O 6. e3 h6 7. Bh4 b6 8. cxd5
exd5 9. Bd3 c5 10. Rc1 Re8 11. O-O Bb7 12. Bb1 Nbd7 13. h3 Nf8 14. Ne5 a6 15.
Qf3 c4 16. Nxc4 Ne4 17. Bxe7 Rxe7 18. Bxe4 dxe4 19. Qg3 Rd7 20. Nd2 f5 21. Ne2
Bd5 22. b3 g5 23. Nc4 Rc8 24. Ne5 Rdc7 25. h4 Rg7 26. Rxc8 Qxc8 27. Rc1 Qe8 28.
Nc3 Bb7 29. Qh3 f4 30. Qf5 f3 31. Nxe4 Bxe4 32. Qxe4 fxg2 33. Kxg2 gxh4+ 34.
Kh2 Ne6 35. Rg1 Ng5 36. Qd5+ Kh8 37. Rg4 Qh5 38. f4 1-0

[Event "Obro70th Jubilee open Copemhagen CH"]
[Site "Copenhagen"]
[Date "2006.10.21"]
[Round "8"]
[White "Jensen, Bjarke"]
[Black "Rosenkilde, Alexander"]
[Result "1-0"]
[WhiteElo "2241"]
[BlackElo "2018"]
[PlyCount "73"]
[EventDate "2006.10.14"]
[EventType "swiss"]
[EventRounds "9"]
[EventCountry "DEN"]

1. e4 c5 2. Nf3 Nc6 3. d4 cxd4 4. Nxd4 Nf6 5. Nc3 e5 6. Ndb5 d6 7. Bg5 a6 8.
Na3 b5 9. Bxf6 gxf6 10. Nd5 f5 11. exf5 Bxf5 12. c3 Bg7 13. Qf3 Bg6 14. Nxb5
O-O 15. Na3 f5 16. h4 e4 17. Qd1 Bh6 18. Ne3 Kh8 19. h5 Be8 20. Nac4 Qg5 21.
Rh3 f4 22. Ng4 Bg7 23. h6 Be5 24. Ngxe5 dxe5 25. Qd5 e3 26. fxe3 Rd8 27. Qe4
Bd7 28. Rf3 Qxh6 29. Nxe5 Qd6 30. exf4 Bf5 31. Qe2 Be4 32. Re3 Rxf4 33. Rxe4
Nxe5 34. Rxf4 Nd3+ 35. Qxd3 Re8+ 36. Re4 Rxe4+ 37. Qxe4 1-0

[Event "Obro70th Jubilee open Copemhagen CH"]
[Site "Copenhagen"]
[Date "2006.10.14"]
[Round "1"]
[White "Jensen, Bjarke"]
[Black "Hellegaard, Dennis"]
[Result "1-0"]
[WhiteElo "2241"]
[BlackElo "2011"]
[PlyCount "71"]
[EventDate "2006.10.14"]
[EventType "swiss"]
[EventRounds "9"]
[EventCountry "DEN"]

1. e4 c5 2. Nc3 Nc6 3. g3 d6 4. Bg2 Nf6 5. d3 Rb8 6. f4 Bg4 7. Nce2 e6 8. h3
Bxe2 9. Nxe2 Be7 10. O-O Qc7 11. c3 b5 12. d4 e5 13. d5 Na5 14. b3 O-O 15. f5
Nd7 16. g4 f6 17. h4 h6 18. Bf3 Nb7 19. Ng3 Nd8 20. g5 fxg5 21. hxg5 Bxg5 22.
Bxg5 hxg5 23. Bh5 Nf6 24. Bg6 Nf7 25. Kg2 Rfc8 26. Rh1 Kf8 27. Nh5 Qe7 28. Qe2
Nxh5 29. Rxh5 Qf6 30. Rah1 Ke7 31. Bxf7 Kxf7 32. Qg4 a5 33. Rxg5 Rh8 34. Rg6
Rxh1 35. Rxf6+ gxf6 36. Qg6+ 1-0

[Event "Obro70th Jubilee open Copemhagen CH"]
[Site "Copenhagen"]
[Date "2006.10.16"]
[Round "3"]
[White "Jensen, Bjarke"]
[Black "Werner, Gert"]
[Result "1-0"]
[WhiteElo "2241"]
[BlackElo "2035"]
[PlyCount "59"]
[EventDate "2006.10.14"]
[EventType "swiss"]
[EventRounds "9"]
[EventCountry "DEN"]

1. e4 g6 2. d4 Bg7 3. c4 d6 4. Nc3 Nf6 5. f3 O-O 6. Be3 c5 7. Nge2 Qa5 8. Qd2
cxd4 9. Nxd4 Nc6 10. Nb3 Qd8 11. Be2 a5 12. Na4 Nd7 13. Rc1 b6 14. h4 Nc5 15.
Nc3 Be6 16. h5 a4 17. Nd4 Nxd4 18. Bxd4 Bxd4 19. Qxd4 Qe8 20. f4 f5 21. g4 fxg4
22. hxg6 Qxg6 23. f5 Qg5 24. Rc2 Bf7 25. Bxg4 Nd3+ 26. Qxd3 Qxg4 27. Rch2 Qg7
28. Qe3 Kh8 29. Rg1 Qf6 30. Qh3 1-0

[Event "Obro70th Jubilee open Copemhagen CH"]
[Site "Copenhagen"]
[Date "2006.10.16"]
[Round "3"]
[White "Kaaber Hansen, Jacob"]
[Black "Kiss, Judit"]
[Result "1/2-1/2"]
[WhiteElo "2143"]
[BlackElo "2118"]
[PlyCount "117"]
[EventDate "2006.10.14"]
[EventType "swiss"]
[EventRounds "9"]
[EventCountry "DEN"]

1. e4 e6 2. d4 d5 3. Nc3 Bb4 4. Nge2 dxe4 5. a3 Be7 6. Nxe4 Nf6 7. Nxf6+ Bxf6
8. Be3 b6 9. Nc3 Bb7 10. Qd2 Nc6 11. O-O-O Ne7 12. Bg5 Nf5 13. Bxf6 Qxf6 14.
Qf4 O-O-O 15. Nb5 Nd6 16. Qxf6 gxf6 17. f3 Nf5 18. Nxa7+ Kb8 19. Nb5 Ne3 20.
Rd2 Ba6 21. Bd3 c6 22. Re1 Nxc2 23. Kxc2 cxb5 24. Bf1 Rd5 25. Re3 Rhd8 26. Rb3
Kb7 27. Rb4 e5 28. Bd3 Rxd4 29. Be4+ Kc7 30. Rdxd4 exd4 31. Kd3 h6 32. Rxd4 b4+
33. Ke3 Rxd4 34. Kxd4 bxa3 35. bxa3 Kd7 36. Bd5 Ke7 37. f4 f5 38. Ke5 Bc8 39.
Bc4 f6+ 40. Kd4 Bd7 41. g3 Kd6 42. Bd3 Be6 43. Bc2 Kc6 44. Ba4+ Kd6 45. Bb5 Bd5
46. Bd3 Be6 47. Bc4 Bd7 48. Bd5 Bb5 49. Bg8 Ba6 50. Bb3 Bb5 51. Bc2 Ke6 52. Kc3
Bd7 53. Bb3+ Kd6 54. Kb4 Be8 55. Bc4 Bd7 56. Bb5 Be6 57. Be8 Bd5 58. Kb5 Kc7
59. Bg6 1/2-1/2